Discographie de Jimi Hendrix - Statistiques

Statistiques générales
  • Ce quiz a été pris 32 fois
  • Le résultat moyen est 13 sur 46
Statistiques - réponses
Titre % Correct
14 Purple Haze
90%
12 Hey Joe
76%
6 Little Wing
72%
13 Bold as Love
66%
16 Voodoo Child (Slight Return)
66%
15 All along the Watchtower
62%
1 Foxy Lady
59%
16 The Wind cries Mary
55%
11 Are you Experienced ?
48%
4 Voodoo Chile
48%
9 Castle Made of Sand
45%
2 Have you ever Been (to Electric Ladyland)
45%
3 Crosstown Traffic
41%
8 Fire
38%
3 Red House
34%
3 Spanish Castle Magic
34%
7 If 6 was 9
31%
11 1983... (A Merman I should turn to Be)
24%
2 Manic Depression
24%
4 Wait until Tomorrow
24%
1 EXP
21%
11 One Rainy Wish
21%
10 Rainy Day, Dream Away
21%
10 She's so Fine
21%
17 Highway Chile
17%
12 Little Miss Lover
17%
15 51st Anniversary
14%
5 Ain't No Telling
14%
8 Gypsy Eyes
14%
13 Still Raining, Still Dreaming
14%
13 Stone Free
14%
2 Up from the Skies
14%
1 ...And the Gods Made Love
10%
4 Can You See Me
10%
14 House Burning Down
10%
5 Little Miss Strange
10%
6 Long Hot Summer Night
10%
9 Third Stone from the Sun
10%
8 You got me Floatin'
10%
7 Come On (part 1)
7%
5 Love or Confusion
7%
7 May this be Love
7%
12 Moon, Turn the Tides... Gently Gently Away
7%
6 I don't live Today
3%
10 Remember
3%
9 Burning on the Midnight Lamp
0%
Aucun quiz correspondant
Distribution des résultats
% des personnes avec chaque résultat
Percentile par nombre de réponses
Votre historique - résultats
Vous n’avez pas pris ce quiz